000
00291nam a2200121Ia 4500
008
230907s9999||||xx |||||||||||||| ||und||
082
_a
658.15
_b
SUL
100
_a
Sullivan, William G.,
245
0
_a
Engineering economy /
300
_a
694 p. :
650
_a
Textbooks.
_9
8511
942
_c
BK
999
_c
599178
_d
599178